Missing Word: The ‘80s Quiz Stats

Quiz Updated Nov 25, 2015

Challenge
Share
Tweet
Embed
Score 0/18 Timer 02:00
0 Plays Today
1980s Term Missing Word % Correct
Pac-______Man
98.9%
Rubik's ______Cube
98.9%
Guns N' ______Roses
98.9%
The A-______Team
98.6%
______ to the FutureBack
98.4%
______ ViceMiami
97.8%
Donkey ______Kong
97.4%
The Fall of the ______ WallBerlin
96.9%
______, P.I.Magnum
94.3%
1980s Term Missing Word % Correct
MC ______Hammer
93.8%
______ a VirginLike
93.1%
______-D.M.C.Run
87.3%
Jamaica national ______ teambobsled
83.9%
______ MartensDoc
82%
Members ______ jacketOnly
80.3%
Miracle on ______Ice
70.9%
______ HeadroomMax
68.5%
Ray-Ban ______ sunglassesAviator/Wayfarer
37.9%

Today's Daily Dose

Missing Word
1974 Movies A-Z

Word Ladder
The White Album

Quick Pick
Gods of War

On This Day
February 22nd II

You're not logged in!

Compare scores with friends on all Sporcle quizzes.
Sign Up with Email
OR
Log In

You Might Also Like...

Show Comments

Extras

Top Quizzes Today


Score Distribution

Your Account Isn't Verified!

In order to create a playlist on Sporcle, you need to verify the email address you used during registration. Go to your Sporcle Settings to finish the process.